| 000 | 01109nam a22003135i 4500 | ||
|---|---|---|---|
| 003 | EG-ScBUE | ||
| 005 | 20211024105130.0 | ||
| 008 | 200219s2020 ua a f 000 0 ara d | ||
| 017 | _a2020 / 5168 | ||
| 040 |
_aEG-ScBUE _bara _erda _cEG-ScBUE _dEG-ScBUE |
||
| 043 | _aa-ja--- | ||
| 082 | 0 | 4 |
_a952 _bج ا ب _222 |
| 100 | 1 |
_aجاب الله، كمال، _eمؤلف. _927819 |
|
| 245 | 1 | 0 |
_aرييوا 2050 / _cتأليف كمال جاب الله. |
| 246 | 3 | _aرييوا ألفان وخمسون | |
| 264 | 1 |
_a[مكان النشر غير معرف] : _b[الناشر غير معرف]، _c[2020] |
|
| 264 | 3 |
_aالقاهرة : _bالدرة |
|
| 300 |
_a256 صفحة : _bإيضاحيات ؛ _c24 سم |
||
| 336 |
_aنص _btxt _2rdacontent |
||
| 337 |
_aبدون وسيط _bn _2rdamedia |
||
| 338 |
_aمجلد _bnc _2rdacarrier |
||
| 541 |
_aكمال جاب الله ؛ _cإهداء ؛ |
||
| 650 | _2BUEsh | ||
| 651 | 7 |
_aاليابان _xتاريخ. _2BUEsh |
|
| 651 | 7 |
_aاليابان _xسياسة وحكومة. _2BUEsh |
|
| 653 |
_bBUSBOL _cOctober2020 |
||
| 655 |
_vReading book _934232 |
||
| 942 | _2ddc | ||
| 999 |
_c28886 _d28857 |
||